| 000 | 003990000a22001690004500 | ||
|---|---|---|---|
| 003 | LK-CoMWRAF | ||
| 005 | 20230913215635.0 | ||
| 008 | 230817t ||||| |||| 00| 0 eng d | ||
| 040 |
_aLK-CoMWRAF _dLK-CoMWRAF _eLK-CoMWRAF |
||
| 041 | _aeng | ||
| 082 |
_a294.3 _bTHR |
||
| 245 | _aThe Three Suttas (Tun Sutraya) | ||
| 260 |
_aSri Lanka _c1988 |
||
| 300 | _a16p | ||
| 650 | _aBuddhism | ||
| 942 | _cBK | ||
| 999 |
_c1473 _d1473 |
||